000 00595nam a22002057a 4500
005 20251108172850.0
008 250721s2001 xx 000 0 ara d
082 1 4 _a616.067/ صبا
100 1 _aالصباغ، مراد
_etran.
245 1 0 _aأسئلة التقويم الذاتي nms داخلية /
264 _bدار الأقصى،
_c2001.
300 _a284ص
650 1 7 _aالأمراض
650 1 7 _aالطب
650 1 7 _aأمراض القلب
650 1 7 _aالاسئلة و الأجوبة
700 1 _aطلوزي، محمود
_etran.
942 _2ddc
_cBK
999 _c90390
_d90390